[Event "299th YMCA Winter D"]
[Site "Warsaw"]
[Date "2025.01.09"]
[Round "1"]
[White "Florczak, Witold"]
[Black "Jezierski, Artur"]
[Result "1/2-1/2"]
[WhiteElo "1471"]
[BlackElo "1421"]
[PlyCount "54"]
[EventDate "2025.01.07"]
[EventType "tourn"]
[EventRounds "1"]
[EventCountry "POL"]
[SourceDate "2025.01.07"]

1. e4 c6 2. d4 d5 3. f3 e5 4. dxe5 Bc5 5. Nc3 Ne7 6. Na4 Qa5+ 7. c3 Bxg1 8.
Rxg1 dxe4 9. f4 O-O 10. b4 Qd5 11. Be2 Qxd1+ 12. Bxd1 f5 13. exf6 Rxf6 14. Rf1
Be6 15. Nc5 Bc4 16. Be2 Bxe2 17. Kxe2 Nd5 18. Nxe4 Re6 19. Kf3 Nd7 20. Bd2 Rf8
21. Nc5 Ne5+ 22. Kf2 Ng4+ 23. Kg1 Re2 24. Nb3 Nge3 25. Bxe3 Rxe3 26. h3 Nf6 27.
Rac1 Nd5 1/2-1/2

[Event "299th YMCA Winter D"]
[Site "Warsaw"]
[Date "2025.01.07"]
[Round "1"]
[White "Przybylik, Mariusz"]
[Black "Kowalski, Artur"]
[Result "1-0"]
[WhiteElo "1539"]
[BlackElo "1466"]
[PlyCount "63"]
[EventDate "2025.01.07"]
[EventType "tourn"]
[EventRounds "1"]
[EventCountry "POL"]
[SourceDate "2025.01.07"]

1. d4 Nf6 2. Nf3 g6 3. c4 Bg7 4. Nc3 O-O 5. e4 d6 6. h3 c5 7. d5 Nbd7 8. Bd3
Ne8 9. O-O Ne5 10. Nxe5 Bxe5 11. Bh6 Ng7 12. Rb1 f5 13. exf5 Bxf5 14. Ne2 Qd7
15. Bxf5 Rxf5 16. f4 Rh5 17. fxe5 Rxh6 18. e6 Qc7 19. Nc3 Qa5 20. Qb3 Qb4 21.
Rf7 Re8 22. Qxb4 cxb4 23. Nb5 Rh4 24. Nc7 Rc8 25. Rxe7 Rxc4 26. Nb5 a6 27. Nxd6
R8c7 28. Rxg7+ Rxg7 29. Nxc4 Rc7 30. Ne5 Rc5 31. Rd1 Kg7 32. e7 1-0

[Event "299th YMCA Winter D"]
[Site "Warsaw"]
[Date "2025.01.07"]
[Round "1"]
[White "Dabrowski, Leszek"]
[Black "Kozera, Konrad"]
[Result "0-1"]
[WhiteElo "1523"]
[BlackElo "1515"]
[PlyCount "38"]
[EventDate "2025.01.07"]
[EventType "tourn"]
[EventRounds "1"]
[EventCountry "POL"]
[SourceDate "2025.01.07"]

1. e4 c5 2. Nf3 Nc6 3. b4 cxb4 4. d4 d5 5. exd5 Qxd5 6. c4 bxc3 7. Nxc3 Qa5 8.
Rb1 Qxc3+ 9. Bd2 Qa3 10. d5 Qxa2 11. dxc6 Qe6+ 12. Be3 bxc6 13. Nd4 Qd6 14.
Nxc6 Qxd1+ 15. Rxd1 Bd7 16. Ne5 Nf6 17. Bg5 Rd8 18. Bxf6 exf6 19. Nxd7 Bb4+ 0-1

[Event "299th YMCA Winter D"]
[Site "Warsaw"]
[Date "2025.01.07"]
[Round "1"]
[White "Ossolinski, Lukasz"]
[Black "Grad, Krzysztof"]
[Result "1-0"]
[WhiteElo "1579"]
[BlackElo "1420"]
[PlyCount "79"]
[EventDate "2025.01.07"]
[EventType "tourn"]
[EventRounds "1"]
[EventCountry "POL"]
[SourceDate "2025.01.07"]

1. b3 e5 2. Bb2 d6 3. Nf3 Be7 4. e4 a6 5. d4 exd4 6. Nxd4 c5 7. Nf3 Bg4 8. Bxg7
Bf6 9. Bxh8 Bxa1 10. Bxa1 Qa5+ 11. Nbd2 Qxa2 12. Bc4 Qa5 13. O-O Nc6 14. Bxf7+
Ke7 15. Nc4 Qc7 16. Bd5 Ne5 17. Ncxe5 dxe5 18. Qd3 Bxf3 19. Qxf3 Rf8 20. Qh5
Nf6 21. Bxe5 Nxh5 22. Bxc7 Nf4 23. Bxf4 Rxf4 24. Bxb7 a5 25. g3 Rf6 26. f4 Rd6
27. Bd5 Rb6 28. Ra1 Ra6 29. Ra4 h6 30. e5 Ra7 31. f5 Rd7 32. c4 Ra7 33. f6+ Kf8
34. e6 h5 35. Bc6 Rc7 36. e7+ Kf7 37. e8=Q+ Kxf6 38. Qd8+ Kf7 39. Qxc7+ Ke6 40.
Rxa5 1-0

[Event "299th YMCA Winter D"]
[Site "Warsaw"]
[Date "2025.01.14"]
[Round "2"]
[White "Matyszkiewicz, Radoslaw"]
[Black "Grad, Krzysztof"]
[Result "1-0"]
[WhiteElo "1545"]
[BlackElo "1420"]
[PlyCount "109"]
[EventDate "2025.01.07"]
[EventType "tourn"]
[EventRounds "1"]
[EventCountry "POL"]
[SourceDate "2025.01.07"]

1. e4 c5 2. Nf3 a6 3. d4 e6 4. Nc3 Be7 5. d5 exd5 6. exd5 d6 7. a4 Nf6 8. Bc4
Nbd7 9. O-O Rb8 10. Re1 O-O 11. Ne4 b5 12. axb5 axb5 13. Nxf6+ Bxf6 14. Bf1 Ne5
15. Nxe5 Bxe5 16. f4 Bd4+ 17. Kh1 Re8 18. c3 Rxe1 19. Qxe1 Bf6 20. c4 Bh4 21.
Qe4 f5 22. Qe3 Qe7 23. Qxe7 Bxe7 24. cxb5 Bb7 25. Bc4 Ra8 26. Rxa8+ Bxa8 27.
Bd2 Bd8 28. g3 Kf7 29. Kg2 g6 30. Kf3 Bb7 31. b4 Bb6 32. h3 h6 33. bxc5 dxc5
34. Bc3 Ke7 35. Bg7 h5 36. Ke3 Kd7 37. Be5 Bd8 38. d6 g5 39. Kf2 g4 40. h4 Ba8
41. Ke2 Be4 42. Bf7 Bf3+ 43. Kf2 Bb6 44. Bc4 $11 Bd8 45. Kf1 Be4 46. Kf2 Bf3
47. Bd3 Be4 48. Bxe4 fxe4 49. Ke3 Ke6 50. Kxe4 c4 51. f5+ Kf7 52. Kd4 Bf6 53.
Bxf6 Kxf6 54. b6 Kxf5 55. b7 1-0

[Event "299th YMCA Winter D"]
[Site "Warsaw"]
[Date "2025.01.14"]
[Round "2"]
[White "Kozera, Konrad"]
[Black "Ossolinski, Lukasz"]
[Result "1/2-1/2"]
[WhiteElo "1515"]
[BlackElo "1579"]
[PlyCount "129"]
[EventDate "2025.01.07"]
[EventType "tourn"]
[EventRounds "1"]
[EventCountry "POL"]
[SourceDate "2025.01.07"]

1. e4 c5 2. Nf3 e6 3. d4 cxd4 4. Nxd4 a6 5. Bd3 Qc7 6. O-O Nf6 7. Nc3 Nc6 8.
Nxc6 dxc6 9. Be3 Bd6 10. h3 O-O 11. Kh1 b5 12. f4 e5 13. f5 c5 14. Qf3 Bb7 15.
Bg5 Be7 16. Bxf6 Bxf6 17. Rg1 Rad8 18. g4 g5 19. Nd5 Bxd5 20. exd5 e4 21. Bxe4
Bxb2 22. f6 Qe5 23. Raf1 Rd6 24. Qd3 Qc3 25. Bxh7+ Kh8 26. Qxc3 Bxc3 27. Be4
Re8 28. Bd3 c4 29. Bf5 Rxd5 30. Rd1 Rxd1 31. Rxd1 Bxf6 32. Rd6 Re1+ 33. Kg2 Kg7
34. Rxa6 Bd4 35. Rd6 Be5 36. Rd5 b4 37. Kf2 Bc3 38. Rc5 Rh1 39. Kg2 Ra1 40.
Rxc4 Rxa2 41. Rc6 Rb2 42. Kf3 Be5 43. Rc5 Bf4 44. Rc4 b3 45. cxb3 Rxb3+ 46. Kg2
Rg3+ 47. Kf1 Rxh3 48. Kg2 Ra3 49. Rc2 Be5 50. Re2 Kf6 51. Rc2 Ke7 52. Re2 f6
53. Rc2 Kd6 54. Rd2+ Kc5 55. Rc2+ Kd4 56. Rd2+ Ke3 57. Rf2 Rc3 58. Rf3+ Ke2 59.
Rxc3 Bxc3 60. Kg3 $11 Be5+ 61. Kg2 Bf4 62. Kg1 Bg3 63. Kg2 Bf2 64. Kh2 Kf3 65.
Kh1 1/2-1/2

[Event "299th YMCA Winter D"]
[Site "Warsaw"]
[Date "2025.01.14"]
[Round "2"]
[White "Kowalski, Artur"]
[Black "Dabrowski, Leszek"]
[Result "0-1"]
[WhiteElo "1466"]
[BlackElo "1523"]
[PlyCount "96"]
[EventDate "2025.01.07"]
[EventType "tourn"]
[EventRounds "1"]
[EventCountry "POL"]
[SourceDate "2025.01.07"]

1. e4 d5 2. exd5 Nf6 3. Nc3 Nxd5 4. Nxd5 Qxd5 5. d4 Nc6 6. c3 Bf5 7. Nf3 O-O-O
8. Be3 Bg4 9. Be2 e5 10. Qb3 Qe4 11. Rd1 Be6 12. Qa4 exd4 13. Bd3 Qg4 14. Nxd4
Nxd4 15. cxd4 Bc5 16. O-O Bxd4 17. Bxd4 Qxd4 18. Qxd4 Rxd4 19. b3 Rhd8 20. Bc2
Rd2 21. Rxd2 Rxd2 22. Rc1 Bd7 23. a4 a6 24. Kf1 b5 25. Ke1 Rd5 26. Rd1 Rxd1+
27. Kxd1 Kb7 28. axb5 axb5 29. Bxh7 g6 30. f3 Kc6 31. g4 Kd5 32. h4 Kd6 33. Kd2
Be6 34. h5 gxh5 35. gxh5 Ke5 36. h6 Bxb3 37. Bd3 Kf6 38. Bxb5 Kg6 39. Kc3 Bd5
40. Bd3+ Kxh6 41. Be4 Bxe4 42. fxe4 Kg5 43. Kd4 Kf4 44. e5 c5+ 45. Kxc5 Kxe5
46. Kc4 Ke4 47. Kc3 Ke3 48. Kc2 Ke2 0-1

[Event "299th YMCA Winter D"]
[Site "Warsaw"]
[Date "2025.01.14"]
[Round "2"]
[White "Jezierski, Artur"]
[Black "Przybylik, Mariusz"]
[Result "0-1"]
[WhiteElo "1421"]
[BlackElo "1539"]
[PlyCount "138"]
[EventDate "2025.01.07"]
[EventType "tourn"]
[EventRounds "1"]
[EventCountry "POL"]
[SourceDate "2025.01.07"]

1. e4 c5 2. Nc3 Nc6 3. f4 d6 4. Nf3 Nf6 5. Bb5 e6 6. O-O Be7 7. Bxc6+ bxc6 8.
d3 O-O 9. Qe1 Nd7 10. Qg3 d5 11. f5 d4 12. Bh6 Bf6 13. Ne2 e5 14. h4 Kh8 15.
Bg5 Ba6 16. Kf2 c4 17. dxc4 Bxc4 18. b3 Nc5 19. Nd2 Bxe2 20. Bxf6 Qxf6 21. Kxe2
Rfd8 22. Rf3 Rd7 23. Qg5 Qxg5 24. hxg5 Rad8 25. Rd1 d3+ 26. cxd3 Nxd3 27. Kf1
Nb2 28. Rc1 Rxd2 29. Rxc6 Rd1+ 30. Kf2 R1d4 31. Rfc3 Nd3+ 32. Kg3 Nb4 33. Rc8
Nxa2 34. R3c7 h6 35. Rxd8+ Rxd8 36. Rxa7 Nc3 37. Rxf7 Nxe4+ 38. Kg4 Nxg5 39.
Rb7 Re8 40. Kg3 e4 41. Kf2 e3+ 42. Ke2 Kg8 43. b4 Nf7 44. b5 Nd6 45. Rb6 Nxf5
46. Ra6 Nd4+ 47. Ke1 Nxb5 48. Rb6 Nd4 49. Rd6 Nf5 50. Rd3 e2 51. Rd2 Nh4 52.
Rxe2 Rxe2+ 53. Kxe2 Nxg2 54. Kf3 Nh4+ 55. Kg4 g5 56. Kh5 Kg7 57. Kg4 Kg6 58.
Kg3 Kf5 59. Kh3 Kf4 60. Kh2 Kg4 61. Kh1 Kf3 62. Kh2 Nf5 63. Kh3 g4+ 64. Kh2 Kf2
65. Kh1 h5 66. Kh2 g3+ 67. Kh3 g2 68. Kh2 g1=Q+ 69. Kh3 Qg3# 0-1

[Event "299th YMCA Winter D"]
[Site "Warsaw"]
[Date "2025.01.23"]
[Round "3"]
[White "Florczak, Witold"]
[Black "Matyszkiewicz, Radoslaw"]
[Result "1/2-1/2"]
[WhiteElo "1471"]
[BlackElo "1545"]
[PlyCount "71"]
[EventDate "2025.01.07"]
[EventType "tourn"]
[EventRounds "1"]
[EventCountry "POL"]
[SourceDate "2025.01.07"]

1. e4 c5 2. c3 Nf6 3. e5 Nd5 4. Nf3 e6 5. d4 cxd4 6. Nxd4 a6 7. Bc4 Nb6 8. Bb3
d6 9. exd6 Bxd6 10. O-O O-O 11. Nd2 Bd7 12. Ne4 Be7 13. Bc2 Nc6 14. Qh5 g6 15.
Qh6 f5 16. Ng5 Bxg5 17. Bxg5 Qe8 18. Nf3 Qf7 19. Bf4 Nd5 20. Bd6 Rfd8 21. Rfe1
Qg7 22. Qh4 Bc8 23. Bg3 Re8 24. Bb3 Bd7 25. Rad1 Rad8 26. Ng5 Kh8 27. Nf3 Nf6
28. Ne5 Ne4 29. Nxc6 bxc6 30. Bxe6 Nxg3 31. Bxd7 Rxe1+ 32. Rxe1 Ne2+ 33. Kf1
Qxd7 34. Rxe2 Qd1+ 35. Re1 Qd3+ 36. Re2 1/2-1/2

[Event "299th YMCA Winter D"]
[Site "Warsaw"]
[Date "2025.01.21"]
[Round "3"]
[White "Dabrowski, Leszek"]
[Black "Jezierski, Artur"]
[Result "1-0"]
[WhiteElo "1523"]
[BlackElo "1421"]
[PlyCount "53"]
[EventDate "2025.01.07"]
[EventType "tourn"]
[EventRounds "1"]
[EventCountry "POL"]
[SourceDate "2025.01.07"]

1. e4 c6 2. d4 d5 3. e5 e6 4. Bd3 c5 5. c3 cxd4 6. cxd4 Nc6 7. Nf3 Bb4+ 8. Bd2
Qb6 9. a3 Bxd2+ 10. Qxd2 Nxd4 11. Nxd4 Qxd4 12. Bb5+ Bd7 13. Bxd7+ Kxd7 14.
Qxd4 Ne7 15. Nc3 Nc6 16. Qg4 Nxe5 17. Qxg7 Kd6 18. Nb5+ Kc6 19. Rc1+ Nc4 20.
Nd4+ Kb6 21. b3 Nd6 22. O-O Rag8 23. Qe5 Rd8 24. f4 Rhe8 25. f5 exf5 26. Qxd5
a6 27. Qc5# 1-0

[Event "299th YMCA Winter D"]
[Site "Warsaw"]
[Date "2025.01.21"]
[Round "3"]
[White "Ossolinski, Lukasz"]
[Black "Kowalski, Artur"]
[Result "1/2-1/2"]
[WhiteElo "1579"]
[BlackElo "1466"]
[PlyCount "50"]
[EventDate "2025.01.07"]
[EventType "tourn"]
[EventRounds "1"]
[EventCountry "POL"]
[SourceDate "2025.01.07"]

1. e4 e6 2. d4 d5 3. Nc3 Nf6 4. e5 Nfd7 5. Nce2 c5 6. c3 Nc6 7. Nf3 Be7 8. h4
h6 9. Nf4 Nb6 10. Bd3 Bd7 11. Be3 c4 12. Bc2 Qc7 13. Nd2 O-O-O 14. h5 Bg5 15.
b3 Ne7 16. b4 a6 17. g4 Rhg8 18. Qf3 Na4 19. Nh3 Bxe3 20. Qxe3 Rdf8 21. Nf4 Qc6
22. Nf3 Qb6 23. Kd2 Qb5 24. Nh4 Qb6 25. Qe2 Qb5 $11 1/2-1/2

[Event "299th YMCA Winter D"]
[Site "Warsaw"]
[Date "2025.01.31"]
[Round "3"]
[White "Grad, Krzysztof"]
[Black "Kozera, Konrad"]
[Result "0-1"]
[WhiteElo "1420"]
[BlackElo "1515"]
[PlyCount "64"]
[EventDate "2025.01.07"]
[EventType "tourn"]
[EventRounds "1"]
[EventCountry "POL"]
[SourceDate "2025.01.07"]

1. e4 c5 2. Nf3 d6 3. d4 cxd4 4. Nxd4 Nf6 5. Nc3 a6 6. Qe2 e5 7. Nb3 Be6 8. Bd2
Be7 9. O-O-O O-O 10. Kb1 Nbd7 11. f4 Bg4 12. Qe1 Bxd1 13. Qxd1 b5 14. a3 Nb6
15. Na5 Qc7 16. Nb3 Nc4 17. Nd5 Nxd5 18. Bxc4 bxc4 19. Ba5 Qb7 20. Qxd5 Qxd5
21. exd5 cxb3 22. fxe5 bxc2+ 23. Kxc2 dxe5 24. Re1 f6 25. Rd1 Rfc8+ 26. Kb1 Bd6
27. g4 Rab8 28. Ka2 Rb5 29. Bc3 Rcc5 30. Bb4 Rxd5 31. Rxd5 Rxd5 32. Bxd6 Rxd6
0-1

[Event "299th YMCA Winter D"]
[Site "Warsaw"]
[Date "2025.02.05"]
[Round "4"]
[White "Matyszkiewicz, Radoslaw"]
[Black "Kozera, Konrad"]
[Result "1-0"]
[WhiteElo "1545"]
[BlackElo "1515"]
[PlyCount "107"]
[EventDate "2025.01.07"]
[EventType "tourn"]
[EventRounds "1"]
[EventCountry "POL"]
[SourceDate "2025.01.07"]

1. e4 c5 2. Nf3 d6 3. d4 cxd4 4. Nxd4 Nf6 5. Nc3 a6 6. Bg5 e6 7. f4 Be7 8. Qf3
Qc7 9. O-O-O Nbd7 10. g4 b5 11. Bxf6 Bxf6 12. g5 Bxd4 13. Rxd4 Bb7 14. Bg2 Nb6
15. Qd3 Rc8 16. Bh3 Rd8 17. Rd1 O-O 18. f5 exf5 19. exf5 Nc4 20. f6 Ne5 21. Qg3
gxf6 22. gxf6+ Ng6 23. Rh4 Qc5 24. Bg2 Bxg2 25. Qxg2 Qe3+ 26. Kb1 d5 27. Rh3
Qe6 28. Rf1 Rfe8 29. a3 d4 30. Nd1 Qe2 31. Nf2 Re3 32. Rg3 Rxg3 33. hxg3 d3 34.
cxd3 Rxd3 35. Qa8+ Nf8 36. Rc1 Qd2 37. Nxd3 Qxd3+ 38. Ka1 Qd7 39. Rc8 Qd1+ 40.
Ka2 Qd6 41. Qc6 Qe6+ 42. Qxe6 fxe6 43. Rc6 Kf7 44. Rxa6 Kxf6 45. Rb6 Nd7 46.
Rxb5 e5 47. Rb7 Nf8 48. Kb3 e4 49. Kc3 h5 50. Rb5 Ne6 51. Rxh5 Ng7 52. Rc5 Ne6
53. Rc6 Kf5 54. Rxe6 1-0

[Event "299th YMCA Winter D"]
[Site "Warsaw"]
[Date "2025.01.28"]
[Round "4"]
[White "Kowalski, Artur"]
[Black "Grad, Krzysztof"]
[Result "1-0"]
[WhiteElo "1466"]
[BlackElo "1420"]
[PlyCount "62"]
[EventDate "2025.01.07"]
[EventType "tourn"]
[EventRounds "1"]
[EventCountry "POL"]
[SourceDate "2025.01.07"]

1. e4 e5 2. Nf3 Nc6 3. Bb5 Bd6 4. d4 a6 5. Bxc6 bxc6 6. dxe5 Bb4+ 7. c3 Be7 8.
O-O d5 9. exd6 cxd6 10. h3 Nf6 11. Re1 d5 12. Nbd2 dxe4 13. Nxe4 Qxd1 14. Nxf6+
gxf6 15. Rxd1 Rg8 16. Kh1 Bc5 17. Re1+ Be6 18. Be3 Be7 19. Nd4 Bd5 20. f3 O-O-O
21. Nf5 Rde8 22. Nxe7+ Rxe7 23. Bc5 Re6 24. Rxe6 fxe6 25. b3 e5 26. c4 Be6 27.
Rd1 Bd7 28. Rd6 f5 29. Rh6 Rg7 30. Rh4 Be6 31. Bd6 f4 1-0

[Event "299th YMCA Winter D"]
[Site "Warsaw"]
[Date "2025.01.28"]
[Round "4"]
[White "Jezierski, Artur"]
[Black "Ossolinski, Lukasz"]
[Result "1/2-1/2"]
[WhiteElo "1421"]
[BlackElo "1579"]
[PlyCount "59"]
[EventDate "2025.01.07"]
[EventType "tourn"]
[EventRounds "1"]
[EventCountry "POL"]
[SourceDate "2025.01.07"]

1. e4 d5 2. exd5 Nf6 3. d4 Bg4 4. f3 Bd7 5. c4 c6 6. dxc6 Nxc6 7. Be3 e6 8. Nc3
Be7 9. Bd3 Nb4 10. a3 Nxd3+ 11. Qxd3 O-O 12. Nge2 Rc8 13. O-O Qc7 14. b3 Bd6
15. f4 Rfd8 16. Ne4 Nxe4 17. Qxe4 Bc6 18. Qc2 b6 19. Ng3 Qb7 20. Rf2 Be7 21. f5
exf5 22. Nxf5 Bf6 23. Rd1 $11 Be4 24. Qe2 Bxf5 25. Rxf5 Re8 26. Qf3 Qe7 27. Bc1
Rcd8 28. d5 Be5 29. Bg5 f6 30. Bh4 $11 1/2-1/2

[Event "299th YMCA Winter D"]
[Site "Warsaw"]
[Date "2025.01.30"]
[Round "4"]
[White "Florczak, Witold"]
[Black "Przybylik, Mariusz"]
[Result "1-0"]
[WhiteElo "1471"]
[BlackElo "1539"]
[PlyCount "120"]
[EventDate "2025.01.07"]
[EventType "tourn"]
[EventRounds "1"]
[EventCountry "POL"]
[SourceDate "2025.01.07"]

1. e4 c5 2. c3 e5 3. Nf3 Nc6 4. Bc4 Nf6 5. Ng5 d5 6. exd5 Nxd5 7. Qh5 g6 8. Qf3
Qxg5 9. Bxd5 Nd8 10. O-O Qf5 11. Re1 Bg7 12. d4 cxd4 13. cxd4 O-O 14. dxe5 Re8
15. e6 Qxf3 16. Bxf3 Bxe6 17. Nc3 Bxc3 18. bxc3 Rc8 19. Be3 b6 20. Bd4 Nc6 21.
Bf6 Na5 22. h3 h5 23. g4 Nc6 24. Kg2 Ne7 25. Rec1 Bd5 26. gxh5 gxh5 27. Bxd5
Nxd5 28. Bd4 Nf4+ 29. Kh2 Ne2 30. Re1 Nxd4 31. Rg1+ Kh7 32. cxd4 Re2 33. Kg3
Rd2 34. Rgd1 Rcc2 35. d5 Rxf2 36. d6 Rg2+ 37. Kf3 Rg8 38. Rac1 Rxc1 39. Rxc1
Rd8 40. Rd1 Kg6 41. Ke4 Kf6 42. Kd5 Rc8 43. Rf1+ Kg7 44. d7 Rd8 45. Kd6 Kf8 46.
Rc1 Rxd7+ 47. Kxd7 Kg7 48. Kc7 f5 49. Kb7 Kf6 50. Kxa7 Kg5 51. Kxb6 f4 52. a4
f3 53. a5 Kh4 54. a6 f2 55. a7 Kxh3 56. a8=Q h4 57. Qh1+ Kg3 58. Rc3+ Kg4 59.
Qg2+ Kh5 60. Qxf2 Kg5 1-0

[Event "299th YMCA Winter D"]
[Site "Warsaw"]
[Date "2025.02.04"]
[Round "5"]
[White "Przybylik, Mariusz"]
[Black "Matyszkiewicz, Radoslaw"]
[Result "0-1"]
[WhiteElo "1539"]
[BlackElo "1545"]
[PlyCount "66"]
[EventDate "2025.01.07"]
[EventType "tourn"]
[EventRounds "1"]
[EventCountry "POL"]
[SourceDate "2025.01.07"]

1. d4 Nf6 2. Nf3 g6 3. c4 d6 4. Nc3 Bg7 5. e4 O-O 6. h3 Nbd7 7. Bd3 e5 8. d5
Nc5 9. Bc2 a5 10. Be3 Bd7 11. Bxc5 dxc5 12. O-O Ne8 13. Nd2 Nd6 14. b3 f5 15.
exf5 gxf5 16. Rb1 e4 17. Ne2 Qg5 18. f4 Qg6 19. Qe1 Kh8 20. Qg3 Qf7 21. Qh2 Rg8
22. Rfe1 Qg6 23. Nf1 Bf6 24. Kh1 Rg7 25. a3 c6 26. Ne3 Bh4 27. Red1 Bf2 28.
dxc6 Bxc6 29. Nd5 Rag8 30. g3 Bxg3 31. Nxg3 Qxg3 32. Rd2 Qf3+ 33. Rg2 Rxg2 0-1

[Event "299th YMCA Winter D"]
[Site "Warsaw"]
[Date "2025.02.06"]
[Round "5"]
[White "Dabrowski, Leszek"]
[Black "Florczak, Witold"]
[Result "1-0"]
[WhiteElo "1523"]
[BlackElo "1471"]
[PlyCount "85"]
[EventDate "2025.01.07"]
[EventType "tourn"]
[EventRounds "1"]
[EventCountry "POL"]
[SourceDate "2025.01.07"]

1. e4 e5 2. Nf3 Nf6 3. Nc3 Nc6 4. Bb5 Bb4 5. d3 O-O 6. Bxc6 bxc6 7. Nxe5 Bb7 8.
Bg5 d5 9. O-O Qd6 10. Bxf6 Qxf6 11. Nd7 Qe6 12. Nxf8 Kxf8 13. Re1 d4 14. a3 Bd6
15. Ne2 c5 16. Ng3 Qe5 17. Qh5 Qxh5 18. Nxh5 g6 19. Ng3 f6 20. Ne2 Bc8 21. c3
Ba6 22. Red1 c4 23. cxd4 cxd3 24. Nc1 c5 25. dxc5 Bxc5 26. Nxd3 Bb6 27. Nb4 Bb7
28. Nd5 Bxd5 29. exd5 Ke7 30. Rac1 Kd7 31. b4 Re8 32. Kf1 f5 33. Re1 Rf8 34.
Rc6 Bd4 35. Rd1 Bb6 36. a4 Bc7 37. Rdc1 Bd6 38. b5 Re8 39. Re1 Rb8 40. Re6 Bb4
41. Ra6 Bc5 42. Rec6 Rb7 43. Rxc5 1-0

[Event "299th YMCA Winter D"]
[Site "Warsaw"]
[Date "2025.02.07"]
[Round "5"]
[White "Grad, Krzysztof"]
[Black "Jezierski, Artur"]
[Result "0-1"]
[WhiteElo "1420"]
[BlackElo "1421"]
[PlyCount "68"]
[EventDate "2025.01.07"]
[EventType "tourn"]
[EventRounds "1"]
[EventCountry "POL"]
[SourceDate "2025.01.07"]

1. Nf3 d5 2. g3 c6 3. d3 Bg4 4. Bg2 Nd7 5. O-O Bxf3 6. Bxf3 e6 7. Re1 Bd6 8. e4
dxe4 9. dxe4 Qc7 10. Nd2 O-O-O 11. Nc4 Ne5 12. Nxe5 Bxe5 13. Qe2 Ne7 14. Bg2 f6
15. Bh3 Rd6 16. c3 Rdd8 17. f4 Bd6 18. Bxe6+ Kb8 19. b4 Nc8 20. a4 Rhe8 21. Qg4
g6 22. Rf1 Be7 23. f5 g5 24. h4 h6 25. Be3 Rd3 26. Bd4 Rxg3+ 27. Qxg3 Qxg3+ 28.
Kh1 Qxh4+ 29. Kg2 Qxe4+ 30. Kg1 Nb6 31. Rfe1 Qg4+ 32. Kh2 Bd6+ 33. Kh1 Qh3+ 34.
Kg1 Qh2+ 0-1

[Event "299th YMCA Winter D"]
[Site "Warsaw"]
[Date "2025.02.04"]
[Round "5"]
[White "Kozera, Konrad"]
[Black "Kowalski, Artur"]
[Result "1/2-1/2"]
[WhiteElo "1515"]
[BlackElo "1466"]
[PlyCount "119"]
[EventDate "2025.01.07"]
[EventType "tourn"]
[EventRounds "1"]
[EventCountry "POL"]
[SourceDate "2025.01.07"]

1. e4 e6 2. d4 d5 3. exd5 exd5 4. Bd3 Nc6 5. c3 Bd6 6. h3 Nge7 7. Qc2 h6 8. Nf3
Be6 9. O-O Qd7 10. Re1 O-O-O 11. b4 Rde8 12. b5 Nd8 13. a4 g5 14. a5 g4 15. b6
cxb6 16. axb6 a6 17. hxg4 Bxg4 18. Ne5 Bxe5 19. Rxe5 Ndc6 20. Re1 Bf5 21. Bf4
Bxd3 22. Qxd3 Ng6 23. Rxe8+ Rxe8 24. Bd2 Qg4 25. Qh3 Qxh3 26. gxh3 Nb8 27. c4
dxc4 28. Ra4 Kd7 29. Rxc4 Rc8 30. Na3 Rxc4 31. Nxc4 h5 32. Kg2 Kc6 33. Kf3 Nd7
34. Ke4 Nxb6 35. Ne5+ Nxe5 36. dxe5 Nc4 37. Bc3 a5 38. f4 b5 39. f5 b4 40. Bd4
b3 41. Kd3 b2 42. Kc2 a4 43. e6 fxe6 44. f6 Nd6 45. Kxb2 Kd5 46. Bc3 Ke4 47.
Ka3 Kf5 48. Kxa4 e5 49. Bb4 Nf7 50. Be7 Kg5 51. Kb3 Kh4 52. Kc4 Kxh3 53. Kd5 e4
54. Kxe4 Kg4 55. Ke3 Kf5 56. Kf3 Ng5+ 57. Kg3 Ne4+ 58. Kh4 Nxf6 59. Bxf6 Kxf6
60. Kxh5 1/2-1/2

[Event "299th YMCA Winter D"]
[Site "Warsaw"]
[Date "2025.03.05"]
[Round "6"]
[White "Matyszkiewicz, Radoslaw"]
[Black "Kowalski, Artur"]
[Result "1-0"]
[WhiteElo "1545"]
[BlackElo "1466"]
[PlyCount "57"]
[EventDate "2025.01.07"]
[EventType "tourn"]
[EventRounds "1"]
[EventCountry "POL"]
[SourceDate "2025.01.07"]

1. e4 e5 2. Nf3 Nc6 3. Bb5 f5 4. exf5 e4 5. Qe2 Qe7 6. Bxc6 dxc6 7. Nd4 Nh6 8.
Qh5+ g6 9. fxg6 Qg7 10. gxh7+ Nf7 11. Nf5 Bxf5 12. Qxf5 Qxg2 13. Rf1 Ng5 14.
Qe5+ Kd7 15. Qf5+ Ke7 16. Ke2 Qf3+ 17. Qxf3 exf3+ 18. Kd1 Rxh7 19. d3 Kf6 20.
Rh1 Bc5 21. h4 Nf7 22. Nc3 Kf5 23. Ne4 Be7 24. Ng3+ Kg4 25. h5 Bg5 26. Bxg5
Nxg5 27. Kd2 Re8 28. Rag1 Kf4 29. Rh4+ 1-0

[Event "299th YMCA Winter D"]
[Site "Warsaw"]
[Date "2025.01.11"]
[Round "6"]
[White "Jezierski, Artur"]
[Black "Kozera, Konrad"]
[Result "0-1"]
[WhiteElo "1421"]
[BlackElo "1515"]
[PlyCount "142"]
[EventDate "2025.01.07"]
[EventType "tourn"]
[EventRounds "1"]
[EventCountry "POL"]
[SourceDate "2025.01.07"]

1. e4 c5 2. Nf3 d6 3. d4 cxd4 4. Nxd4 Nf6 5. Nc3 a6 6. Bg5 e6 7. f4 Be7 8. Qf3
Qc7 9. O-O-O Nbd7 10. g4 b5 11. Bxf6 Nxf6 12. g5 Nd7 13. f5 Ne5 14. Qh5 b4 15.
Nce2 exf5 16. exf5 g6 17. fxg6 fxg6 18. Qh6 Ng4 19. Qh4 Qc5 20. Kb1 O-O 21. Rg1
Ne3 22. Rc1 Nxf1 23. Rcxf1 Rxf1+ 24. Rxf1 Qxg5 25. Qe4 d5 26. Qf3 Bd7 27. Qf7+
Kh8 28. Ne6 Bxe6 29. Qxe6 Rf8 30. Rxf8+ Bxf8 31. Qxa6 Qe5 32. Nc1 Bh6 33. Qc8+
Kg7 34. Qd7+ Kf6 35. Qd8+ Kf5 36. Qd7+ Qe6 37. Qxe6+ Kxe6 38. Nd3 Bf8 39. a3
bxa3 40. b4 Bd6 41. h3 d4 42. Ka2 Kd5 43. Kxa3 g5 44. Kb3 h5 45. c4+ dxc3 46.
Kxc3 g4 47. hxg4 hxg4 48. Nf2 g3 49. Nh3 Ke4 50. b5 Kf3 51. Kd3 Bc5 52. Ng5+
Kg4 53. Ne4 g2 54. Nxc5 g1=Q 55. Kc4 Qf1+ 56. Kb4 Qb1+ 57. Ka5 Qa2+ 58. Na4 Qd5
59. Ka6 Qa8+ 60. Kb6 Qxa4 61. Kc6 Qa8+ 62. Kc5 Qb7 63. b6 Kf5 64. Kb5 Ke6 65.
Kc5 Kd7 66. Kb5 Kd6 67. Ka5 Kc5 68. Ka4 Qxb6 69. Ka3 Kc4 70. Ka2 Kc3 71. Ka1
Qb2# 0-1

[Event "299th YMCA Winter D"]
[Site "Warsaw"]
[Date "2025.02.19"]
[Round "6"]
[White "Florczak, Witold"]
[Black "Ossolinski, Lukasz"]
[Result "1-0"]
[WhiteElo "1471"]
[BlackElo "1579"]
[PlyCount "115"]
[EventDate "2025.01.07"]
[EventType "tourn"]
[EventRounds "1"]
[EventCountry "POL"]
[SourceDate "2025.01.07"]

1. e4 c5 2. c3 Nf6 3. e5 Nd5 4. Nf3 e6 5. Bc4 Nb6 6. Bb3 Nc6 7. d4 cxd4 8. cxd4
d5 9. O-O Be7 10. Nc3 a6 11. Ne2 Bd7 12. a3 O-O 13. Bc2 f5 14. exf6 Bxf6 15.
Qd3 g6 16. Nf4 Nc4 17. Re1 Re8 18. Nxg6 hxg6 19. Qxg6+ Bg7 20. Bh6 Qf6 21. Qh7+
Kf8 22. Qh8+ Ke7 23. Qxg7+ Qxg7 24. Bxg7 Rg8 25. Bh6 b5 26. b3 Nd6 27. Rad1
Raf8 28. Bxf8+ Rxf8 29. Ne5 Nxe5 30. Rxe5 Nf7 31. Ree1 Rc8 32. Rc1 Nd6 33. Bd3
Rxc1 34. Rxc1 Nf5 35. Bxf5 exf5 36. b4 Kf6 37. f4 Kg6 38. Rc7 Be8 39. Ra7 Kh5
40. Rxa6 Kg4 41. g3 Kf3 42. Rd6 Bf7 43. Rb6 Ke4 44. Rxb5 Kxd4 45. Rb7 Be8 46.
Rb8 Ba4 47. b5 Kc5 48. b6 d4 49. b7 Kc6 50. Ra8 Kxb7 51. Rxa4 d3 52. Rd4 Kb6
53. Rxd3 Kb5 54. Kf2 Kc4 55. Ke3 Kb5 56. h4 Kc6 57. h5 Kc7 58. h6 1-0